Historia del traje / (Record no. 51543)

MARC details
000 -LEADER
campo de control de longitud fija 00660nam a2200205 i 4500
001 - NÚMERO DE CONTROL
campo de control 51543
003 - IDENTIFICADOR DE NÚMERO DE CONTROL
campo de control ES-MaACL
005 - FECHA Y HORA DE LA ÚLTIMA TRANSACCIÓN
campo de control 20230906162402.0
007 - CAMPO FIJO DE DESCRIPCIÓN FÍSICA--INFORMACIÓN GENERAL
campo de control de longitud fija t|
008 - DATOS DE LONGITUD FIJA--INFORMACIÓN GENERAL
campo de control de longitud fija 030813m19461947sp af |||| | spa d
100 1# - ENTRADA PRINCIPAL--NOMBRE DE PERSONA
Nombre de persona Dalmau, R.
9 (RLIN) 42518
245 10 - MENCIÓN DEL TÍTULO
Título Historia del traje /
Mención de responsabilidad, etc. R. Dalmau, J.Mª Soler Janer ; dibujos de C. Mestres y J. Vilarrubias.
260 ## - PUBLICACIÓN, DISTRIBUCIÓN, ETC.
Lugar de publicación, distribución, etc. Barcelona :
Nombre del editor, distribuidor, etc. Dalmau,
Fecha de publicación, distribución, etc. 1946-1947 (
Fabricante Vda. J. Ferrer Coll)
300 ## - DESCRIPCIÓN FÍSICA
Extensión 2 v., 11 lám. :
Otras características físicas il. ;
Dimensiones 28 cm.
650 #4 - PUNTO DE ACCESO ADICIONAL DE MATERIA--TÉRMINO DE MATERIA
Término de materia o nombre geográfico como elemento de entrada Traje-
Subdivisión general Historia.
9 (RLIN) 136943
700 1# - ENTRADA AGREGADA--NOMBRE PERSONAL
Nombre de persona Soler Janer, J. María.
9 (RLIN) 107179
700 1# - ENTRADA AGREGADA--NOMBRE PERSONAL
Nombre de persona Mestres, C. de.
9 (RLIN) 80709
700 1# - ENTRADA AGREGADA--NOMBRE PERSONAL
Nombre de persona Vilarrubias, J.
9 (RLIN) 114826
852 ## - LOCALIZACIÓN
Ubicación ES-MaACL
Número de control de estantería A-8-9
Holdings
Estatus retirado Estado de pérdida Estado de daño No para préstamo Biblioteca de origen Biblioteca actual Ubicación en estantería Fecha de adquisición Fuente de adquisición Total de préstamos Signatura topográfica completa Código de barras Visto por última vez Precio de reemplazo Tipo de ítem Koha
        Biblioteca del Ateneo de Madrid Biblioteca del Ateneo de Madrid Sala Pecera Planta 1 17/01/2008     A-8-9 1054206 23/02/2023 23/02/2023 Libro impreso